The Librarian and reference queries (Record no. 49155)

MARC details
000 -LEADER
fixed length control field 00531nam a2200157 a 4500
008 - FIXED-LENGTH DATA ELEMENTS--GENERAL INFORMATION
fixed length control field 120416s0000 ||||||||||||||||| || u
020 ## - INTERNATIONAL STANDARD BOOK NUMBER
International Standard Book Number 0123797608
050 ## - LIBRARY OF CONGRESS CALL NUMBER
Classification number Z 711 Jah
100 ## - MAIN ENTRY--PERSONAL NAME
Personal name Jahoda, Gerald
245 14 - TITLE STATEMENT
Title The Librarian and reference queries
246 ## - VARYING FORM OF TITLE
Title proper/short title a system approach
260 ## - PUBLICATION, DISTRIBUTION, ETC.
Place of publication, distribution, etc. San Diego
Name of publisher, distributor, etc. Academic Press
Date of publication, distribution, etc. 1980
300 ## - PHYSICAL DESCRIPTION
Extent xii, 175p.
350 ## - PRICE (NR) (BK AM CF MU VM SE) [OBSOLETE]
Price 0.00
995 ## - RECOMMENDATION 995 [LOCAL, UNIMARC FRANCE]
-- 0.00
-- CBU-MAIN LIBRARY (Kitwe)
-- 1
-- 33.00
-- AVAILABLE
-- Annex Low-Usage Collection
Holdings
Withdrawn status Lost status Source of classification or shelving scheme Damaged status Not for loan Home library Current library Shelving location Date acquired Total Checkouts Full call number Barcode Date last seen Price effective from Koha item type
          CBU-MAIN LIBRARY, KITWE. CBU-MAIN LIBRARY, KITWE.   11/30/2022   Z 711 Jah 018708 11/30/2022 11/30/2022 MONOGRAPH